[Event "German Bundesliga 2021-22"]
[Site "Germany"]
[Date "2022.04.09"]
[Round "3.8"]
[White "Pitl, Gregory"]
[Black "Colbow, Collin"]
[Result "1/2-1/2"]
[WhiteElo "2379"]
[BlackElo "2370"]
[Annotator "RC"]
[PlyCount "55"]
[EventDate "2022.03.05"]
[EventType "team-tourn"]
[EventCountry "GER"]
[SourceTitle "playchess.com"]
[Source "ChessBase"]
[SourceQuality "1"]
[TimeControl "40/5400+30:1800+30"]

1. e4 {[%emt 0:00:00]} c5 {[%emt 0:00:00]} 2. Nf3 {[%emt 0:00:00]} e6 {[%emt 0:00:00]} 3. d4 {[%emt 0:00:00]} cxd4 {[%emt 0:00:00]} 4. Nxd4 {[%emt 0:00:00]} Nc6 {[%emt 0:00:00]} 5. Nc3 {[%emt 0:00:00]} Qc7 {[%emt 0:00:00]} 6. g3 {[%emt 0:00:00]} a6 {[%emt 0:00:00]} 7. Bg2 {[%emt 0:00:00]} Nf6 {[%emt 0:00:00]} 8. O-O {[%emt 0:00:00]} Nxd4 {[%emt 0:00:00]} 9. Qxd4 {[%emt 0:00:00]} Bc5 {[%emt 0:00:00]} 10. Bf4 {[%emt 0:00:00]} d6 {[%emt 0:00:09]} 11. Qd2 {[%emt 0:00:00]} h6 {[%emt 0:00:43]} 12. Rad1 {[%emt 0:00:00]} e5 {[%emt 0:00:15]} 13. Be3 {[%emt 0:00:00]} Bxe3 {[%emt 0:01:12]} 14. fxe3 {[%emt 0:00:00]} Be6 {[%emt 0:02:02]} 15. Qxd6 {[%emt 0:00:00]} Rc8 {[%emt 0:00:45]} 16. Rf2 {[%emt 0:06:10]} Qxd6 {[%emt 0:01:39]} 17. Rxd6 {[%emt 0:00:14]} Rxc3 {[%emt 0:01:25]} 18. bxc3 {[%emt 0:00:17]} Nd7 {[%emt 0:00:06]} 19. a4 {[%emt 0:12:53]} Ke7 {[%emt 0:01:26]} 20. Rd1 {[%emt 0:00:22]} a5 {[%emt 0:01:48]} 21. Rb1 {[%emt 0:11:07]} b6 {[%emt 0:05:23]} 22. Bf1 {[%emt 0:13:43]} Rc8 {[%emt 0:05:55]} 23. Rd2 {[%emt 0:02:54]} Rxc3 {[%emt 0:15:04]} 24. Bb5 {[%emt 0:02:55]} Nf6 {[%emt 0:05:01]} 25. Bd3 {[%emt 0:01:46]} Nd7 {[%emt 0:16:32]} 26. Bb5 {[%emt 0:02:20]} Nf6 {[%emt 0:02:05]} 27. Bd3 {[%emt 0:00:28]} Nd7 {[%emt 0:00:14]} 28. Bb5 {[%emt 0:11:07]} 1/2-1/2

[Event "German Bundesliga 2021-22"]
[Site "Germany"]
[Date "2022.04.09"]
[Round "3.8"]
[White "Breier, Andreas"]
[Black "Pajeken, Jakob Leon"]
[Result "0-1"]
[WhiteElo "2368"]
[BlackElo "2370"]
[Annotator "NA RC"]
[PlyCount "123"]
[EventDate "2022.03.05"]
[EventType "team-tourn"]
[EventCountry "GER"]
[SourceTitle "playchess.com"]
[Source "ChessBase"]
[SourceQuality "1"]
[TimeControl "40/5400+30:1800+30"]

1. d4 {[%emt 0:00:00]} d5 {[%emt 0:00:00]} 2. c4 {[%emt 0:00:00]} dxc4 {[%emt 0:00:00]} 3. Nf3 {[%emt 0:00:00]} Nf6 {[%emt 0:00:00]} 4. e3 {[%emt 0:00:00]} e6 {[%emt 0:00:00]} 5. Bxc4 {[%emt 0:00:00]} c5 {[%emt 0:00:00]} 6. O-O {[%emt 0:00:00]} Nc6 {[%emt 0:00:00]} 7. Qe2 {[%emt 0:00:00]} a6 {[%emt 0:00:00]} 8. Bb3 {[%emt 0:12:55]} b5 {[%emt 0:03:38]} 9. a4 {[%emt 0:18:03]} Rb8 {[%emt 0:05:30]} 10. axb5 {[%emt 0:02:44]} axb5 {[%emt 0:00:06]} 11. Nc3 {[%emt 0:08:00]} c4 {[%emt 0:02:55]} 12. Bc2 {[%emt 0:00:11]} Be7 {[%emt 0:06:09]} 13. e4 {[%emt 0:09:01]} Nb4 {[%emt 0:05:35]} 14. Bb1 {[%emt 0:02:07]} O-O {[%emt 0:03:00]} 15. Bf4 {[%emt 0:02:37]} Rb6 {[%emt 0:01:44]} 16. Ra7 {[%emt 0:06:40]} Bb7 {[%emt 0:03:51]} 17. Rd1 {[%emt 0:11:12]} Qc8 $14 {[%emt 0:08:31]} 18. d5 {[%emt 0:04:42]} Bc5 {[%emt 0:04:32]} 19. dxe6 {[%emt 0:03:11]} Rxe6 {[%emt 0:01:28]} 20. Ra5 {[%emt 0:01:41]} Nd3 {[%emt 0:06:27]} 21. Bxd3 {[%emt 0:00:22]} cxd3 {[%emt 0:00:24]} 22. Qxd3 {[%emt 0:00:31]} Nxe4 {[%emt 0:01:27]} 23. Nxe4 {[%emt 0:03:10]} Bxe4 {[%emt 0:00:41]} 24. Qxb5 {[%emt 0:01:40]} Bb6 {[%emt 0:08:16]} 25. Raa1 {[%emt 0:01:35]} Rg6 {[%emt 0:03:23]} 26. Bg3 {[%emt 0:02:22]} Bxf3 {[%emt 0:01:37]} 27. gxf3 {[%emt 0:00:14]} Qh3 {[%emt 0:00:37]} 28. Qf1 {[%emt 0:03:55]} Qf5 {[%emt 0:00:25]} 29. Qd3 {[%emt 0:00:45]} Qh3 {[%emt 0:00:31]} 30. Qf1 {[%emt 0:00:04]} Qf5 {[%emt 0:00:49]} 31. Kg2 {[%emt 0:01:34]} h5 {[%emt 0:01:41]} 32. h4 {[%emt 0:00:11]} Qf6 {[%emt 0:00:52]} 33. Qb5 {[%emt 0:01:53]} Rb8 {[%emt 0:07:50]} 34. Ra6 {[%emt 0:01:35]} Qxh4 {[%emt 0:00:55]} 35. Rh1 {[%emt 0:02:17]} Qd4 {[%emt 0:00:21]} 36. Rxb6 {[%emt 0:00:40]} Qxb6 {[%emt 0:00:32]} 37. Qxh5 {[%emt 0:01:08]} Rh6 {[%emt 0:00:08]} 38. Qe5 {[%emt 0:00:35]} Rxh1 {[%emt 0:00:48]} 39. Qxb8+ {[%emt 0:01:05]} Qxb8 {[%emt 0:00:14]} 40. Bxb8 {[%emt 0:00:05]} Rb1 {[%emt 0:01:07]} 41. Be5 {[%emt 0:30:07]} f6 {[%emt 0:30:13]} 42. Bd4 {[%emt 0:00:30]} Kf7 {[%emt 0:00:10]} 43. Kg3 {[%emt 0:00:00]} Ke6 {[%emt 0:00:00]} 44. Kf4 {[%emt 0:00:00]} Re1 {[%emt 0:00:00]} 45. b4 {[%emt 0:00:00]} g5+ {[%emt 0:00:00]} 46. Kg3 {[%emt 0:00:00]} Rg1+ {[%emt 0:00:00]} 47. Kh2 {[%emt 0:00:00]} Rb1 {[%emt 0:00:00]} 48. Bc5 {[%emt 0:00:00]} Rb3 {[%emt 0:00:00]} 49. Kg3 {[%emt 0:00:00]} Kf5 {[%emt 0:00:00]} 50. Kg2 {[%emt 0:00:00]} Kg6 {[%emt 0:00:00]} 51. Bd6 {[%emt 0:00:00]} Rb1 {[%emt 0:00:00]} 52. Bc5 {[%emt 0:00:00]} f5 {[%emt 0:00:00]} 53. Be7 {[%emt 0:00:00]} f4 {[%emt 0:00:00]} 54. Bd6 {[%emt 0:00:00]} Kf5 {[%emt 0:00:00]} 55. Be7 {[%emt 0:00:00]} Re1 {[%emt 0:00:00]} 56. Bc5 {[%emt 0:00:00]} Rc1 {[%emt 0:00:00]} 57. Bd4 {[%emt 0:00:00]} Rb1 {[%emt 0:00:00]} 58. Bc5 {[%emt 0:00:00]} Rb3 {[%emt 0:00:00]} 59. Bd6 {[%emt 0:00:00]} g4 {[%emt 0:00:00]} 60. fxg4+ {[%emt 0:00:00]} Kxg4 {[%emt 0:00:00]} 61. Kf1 {[%emt 0:00:00]} f3 {[%emt 0:00:00]} 62. Bc5 {[%emt 0:00:00]} 0-1

[Event "German Bundesliga 2021-22"]
[Site "Germany"]
[Date "2022.04.09"]
[Round "3.8"]
[White "Ciolek, Andreas"]
[Black "Roseneck, Jonas"]
[Result "0-1"]
[WhiteElo "2194"]
[BlackElo "2376"]
[Annotator "NA RC"]
[PlyCount "168"]
[EventDate "2022.03.05"]
[EventType "team-tourn"]
[EventCountry "GER"]
[SourceTitle "playchess.com"]
[Source "ChessBase"]
[SourceQuality "1"]
[TimeControl "40/5400+30:1800+30"]

1. d4 {[%emt 0:00:00]} Nf6 {[%emt 0:00:00]} 2. Nf3 {[%emt 0:00:00]} d5 {[%emt 0:00:00]} 3. g3 {[%emt 0:00:00]} c5 {[%emt 0:00:00]} 4. Bg2 {[%emt 0:00:00]} cxd4 {[%emt 0:00:00]} 5. O-O {[%emt 0:00:00]} h6 {[%emt 0:00:00]} 6. b3 {[%emt 0:00:00]} e6 {[%emt 0:00:00]} 7. Nxd4 {[%emt 0:00:00]} e5 {[%emt 0:00:00]} 8. Nf3 {[%emt 0:00:00]} e4 {[%emt 0:00:00]} 9. Nd4 {[%emt 0:00:00]} Bc5 {[%emt 0:00:00]} 10. Bb2 {[%emt 0:00:00]} O-O {[%emt 0:00:00]} 11. c4 {[%emt 0:03:02]} Re8 {[%emt 0:00:00]} 12. e3 {[%emt 0:06:39]} Bg4 {[%emt 0:22:52]} 13. Qd2 {[%emt 0:09:11]} dxc4 {[%emt 0:03:44]} 14. bxc4 {[%emt 0:00:35]} Nbd7 {[%emt 0:00:49]} 15. h3 {[%emt 0:03:46]} Bh5 {[%emt 0:01:54]} 16. Nb3 {[%emt 0:02:48]} Bf8 {[%emt 0:04:16]} 17. g4 {[%emt 0:12:21]} Bg6 {[%emt 0:01:28]} 18. Rd1 $15 {[%emt 0:02:50]} Qc7 {[%emt 0:03:34]} 19. Nc3 {[%emt 0:08:10]} Qxc4 {[%emt 0:09:29]} 20. Bf1 {[%emt 0:08:31]} Qc8 {[%emt 0:16:12]} 21. Nb5 {[%emt 0:02:59]} Qb8 {[%emt 0:11:25]} 22. Rac1 {[%emt 0:10:56]} Rc8 {[%emt 0:03:49]} 23. Rxc8 {[%emt 0:03:16]} Qxc8 {[%emt 0:00:02]} 24. Rc1 {[%emt 0:00:56]} Qd8 {[%emt 0:01:34]} 25. Bxf6 {[%emt 0:06:13]} Nxf6 {[%emt 0:00:12]} 26. Qxd8 {[%emt 0:00:30]} Rb8 {[%emt 0:00:01]} 27. Qc8 Rxc8 {[%emt 0:00:30]} 28. Nxa7 {[%emt 0:00:48]} Ra8 {[%emt 0:00:26]} 29. Nb5 {[%emt 0:00:24]} Rxa2 {[%emt 0:00:16]} 30. Rc7 {[%emt 0:00:25]} b6 {[%emt 0:05:05]} 31. Bc4 {[%emt 0:03:49]} Bb4 {[%emt 0:05:22]} 32. N3d4 {[%emt 0:02:14]} Rb2 {[%emt 0:01:22]} 33. Kf1 {[%emt 0:00:52]} Bc5 {[%emt 0:03:25]} 34. Nc6 {[%emt 0:04:44]} Kh7 {[%emt 0:03:26]} 35. Ne5 {[%emt 0:01:05]} Rxb5 {[%emt 0:01:20]} 36. Bxb5 {[%emt 0:01:04]} Bd6 {[%emt 0:01:11]} 37. Rxf7 {[%emt 0:03:06]} Bxe5 {[%emt 0:02:34]} 38. Rb7 {[%emt 0:00:07]} h5 {[%emt 0:02:14]} 39. gxh5 {[%emt 0:01:50]} Bxh5 {[%emt 0:00:45]} 40. Rxb6 {[%emt 0:00:47]} Kh6 {[%emt 0:00:36]} 41. Be2 {[%emt 0:31:29]} Bf7 {[%emt 0:30:35]} 42. f3 {[%emt 0:02:37]} Bg6 {[%emt 0:00:00]} 43. Kg2 {[%emt 0:00:00]} Nd5 {[%emt 0:04:13]} 44. Rb3 {[%emt 0:00:00]} Nc3 {[%emt 0:00:00]} 45. Bc4 {[%emt 0:00:00]} exf3+ {[%emt 0:00:00]} 46. Kxf3 {[%emt 0:00:00]} Ne4 {[%emt 0:00:00]} 47. Rb4 {[%emt 0:00:00]} Bd6 {[%emt 0:00:00]} 48. Rb2 {[%emt 0:00:00]} Ng5+ {[%emt 0:00:00]} 49. Ke2 {[%emt 0:04:04]} Bg3 {[%emt 0:00:00]} 50. Kf1 {[%emt 0:00:00]} Be4 {[%emt 0:00:00]} 51. Rb6+ {[%emt 0:00:00]} g6 {[%emt 0:00:00]} 52. Bb5 {[%emt 0:00:00]} Bc7 {[%emt 0:00:00]} 53. Ra6 {[%emt 0:00:00]} Nxh3 {[%emt 0:00:00]} 54. Be2 {[%emt 0:00:00]} Bg3 {[%emt 0:00:00]} 55. Ra5 {[%emt 0:00:00]} Ng5 {[%emt 0:00:00]} 56. Bg4 {[%emt 0:00:00]} Nf7 {[%emt 0:00:00]} 57. Bh3 {[%emt 0:00:00]} Ne5 {[%emt 0:00:00]} 58. Ra7 {[%emt 0:00:00]} Nc4 {[%emt 0:00:00]} 59. Ke2 {[%emt 0:00:00]} Kh5 {[%emt 0:00:00]} 60. Re7 {[%emt 0:00:00]} Ne5 {[%emt 0:00:00]} 61. Kf1 {[%emt 0:01:07]} g5 {[%emt 0:00:00]} 62. Bg2 {[%emt 0:00:23]} Bd3+ {[%emt 0:00:00]} 63. Kg1 {[%emt 0:00:04]} Kg4 {[%emt 0:00:00]} 64. Bd5 {[%emt 0:01:22]} Nf3+ {[%emt 0:00:00]} 65. Kg2 {[%emt 0:00:36]} Nh4+ {[%emt 0:00:00]} 66. Kg1 {[%emt 0:00:35]} Be1 {[%emt 0:00:00]} 67. Re8 {[%emt 0:02:04]} Kg3 {[%emt 0:00:00]} 68. Kh1 {[%emt 0:02:26]} Be2 {[%emt 0:00:00]} 69. Bc6 {[%emt 0:01:22]} Bf2 {[%emt 0:00:00]} 70. Bb7 {[%emt 0:00:55]} g4 {[%emt 0:00:00]} 71. Bc6 {[%emt 0:00:38]} Nf3 {[%emt 0:00:00]} 72. Rf8 {[%emt 0:01:25]} Ne5 {[%emt 0:03:03]} 73. Bd5 {[%emt 0:00:25]} Bxe3 {[%emt 0:00:59]} 74. Bg2 {[%emt 0:00:44]} Nd3 {[%emt 0:01:03]} 75. Rg8 {[%emt 0:00:47]} Ne1 {[%emt 0:01:24]} 76. Bd5 {[%emt 0:00:28]} Nf3 {[%emt 0:00:22]} 77. Be6 {[%emt 0:00:26]} Ng5 {[%emt 0:02:01]} 78. Bd5 {[%emt 0:00:09]} Kf2 {[%emt 0:00:17]} 79. Rf8+ {[%emt 0:00:29]} Nf3 {[%emt 0:00:21]} 80. Rg8 {[%emt 0:00:39]} g3 {[%emt 0:00:29]} 81. Bc6 {[%emt 0:00:46]} Bg5 {[%emt 0:00:28]} 82. Rxg5 {[%emt 0:00:41]} Nxg5 {[%emt 0:00:02]} 83. Be4 {[%emt 0:00:07]} Bf3+ {[%emt 0:00:07]} 84. Bxf3 {[%emt 0:00:06]} Kxf3 {[%emt 0:00:02]} 0-1

[Event "German Bundesliga 2021-22"]
[Site "Germany"]
[Date "2022.04.09"]
[Round "3.8"]
[White "Rache, Ralf"]
[Black "Doettling, Fabian"]
[Result "0-1"]
[WhiteElo "1935"]
[BlackElo "2587"]
[Annotator "TA"]
[PlyCount "80"]
[EventDate "2022.03.05"]
[EventType "team-tourn"]
[EventCountry "GER"]
[SourceTitle "playchess.com"]
[Source "ChessBase"]
[SourceQuality "1"]
[TimeControl "40/5400+30:1800+30"]

{[%evp 26,80,-16,-12,-5,-43,0,0,0,-1,14,-37,-38,-25,-16,-9,-31,-15,-17,-33,0,-113,-115,-149,-148,-174,-156,-184,-140,-169,-173,-260,-277,-265,-266,-284,-275,-429,-407,-499,-525,-507,-495,-533,-418,-621,-614,-547,-558,-652,-632,-786,-766,-829,-827,-708,-652]} 1. e4 {[%emt 0:00:00]} c6 {[%emt 0:00:00]} 2. d4 {[%emt 0:00:00]} d5 {[%emt 0:00:00]} 3. Nc3 {[%emt 0:00:00][%cal Bb1c3,Bc3e4,Be4g3][%mdl 32]} dxe4 {[%emt 0:00:00]} 4. Nxe4 {[%emt 0:00:00]} Bf5 {[%emt 0:00:00]} 5. Ng3 {[%emt 0:00:00]} Bg6 {[%emt 0:00:00]} 6. h4 {[%emt 0:00:00]} h6 {[%emt 0:00:00]} 7. Nf3 {[%emt 0:00:00]} Nd7 {[%emt 0:00:00]} 8. h5 {[%emt 0:00:00]} Bh7 {[%emt 0:00:00]} 9. Bd3 {[%emt 0:00:00]} Bxd3 {[%emt 0:00:00]} 10. Qxd3 {[%emt 0:00:00]} e6 {[%emt 0:00:00]} 11. Bd2 {[%emt 0:00:00]} Ngf6 {[%emt 0:00:00]} 12. Qe2 {[%emt 0:00:00]} Be7 {[%emt 0:00:00]} 13. O-O-O {[%emt 0:00:00]} O-O {[%emt 0:00:00]} 14. Kb1 {[%emt 0:00:00]} Qb6 {[%emt 0:00:00] B19: Classical Caro-Kann: 4...Bf5 main line.} 15. Bc1 {[%emt 0:00:00]} Rfe8 {[%emt 0:00:00]} 16. Ne5 {[%emt 0:00:00]} Rad8 {[%emt 0:00:00] [#] The position is equal.} 17. Rhe1 $146 {[%emt 0:00:00]} ({Predecessor:} 17. f4 c5 18. Nxd7 Nxd7 19. d5 exd5 20. Rxd5 Nf6 21. Rxd8 Bxd8 22. Qf3 c4 23. Rd1 {0-1 (40) Stellwagen,D (2489)-Doettling,F (2532) Pulvermuehle 2004}) 17... Bb4 {[%emt 0:00:00]} 18. Bd2 {[%emt 0:00:00]} (18. Rf1 $11) 18... Bxd2 $15 {[%emt 0:00:00]} (18... Qxd4 $2 19. Nxd7 Rxd7 20. c3 $18) 19. Rxd2 {[%emt 0:00:00]} Nxe5 $40 {[%emt 0:00:00][%mdl 128] Black is up to no good.} 20. dxe5 {[%emt 0:00:00]} Rxd2 {[%emt 0:00:00]} 21. Qxd2 {[%emt 0:00:00] [#]} Rd8 $1 {[%emt 0:00:00]} 22. Qe2 {[%emt 0:00:00]} (22. Qc1 Ng4) 22... Nd7 {[%emt 0:00:00][%cal Bf6d7,Bd7e5,Be5g4][%mdl 32]} (22... Nd5 $5 {[%cal Rd5c3]} 23. Ne4 Nf4 $11) 23. Rd1 {[%emt 0:00:06] [#]} (23. a3 $11 {keeps the balance.}) 23... Nxe5 $1 $17 {[%emt 0:00:28][%mdl 512] Hoping for ...Rxd1+. Black keeps a firm grip on the game.} 24. Rxd8+ {[%emt 0:00:30]} (24. Ne4 Rd5) 24... Qxd8 {[%emt 0:00:30]} 25. a3 {[%emt 0:00:30]} Qd4 {[%emt 0:00:30]} 26. b3 {[%emt 0:00:30]} f5 {[%emt 0:00:30]} 27. Nf1 {[%emt 0:00:30]} Kf7 {[%emt 0:00:30]} 28. Nd2 {[%emt 0:00:30]} (28. Nh2 {was worth a try.}) 28... Ng4 $19 {[%emt 0:00:30]} 29. f3 {[%emt 0:00:30]} Ne3 {[%emt 0:00:30]} 30. g3 {[%emt 1:27:23]} Nd5 {[%emt 1:33:33] ( -> ...Nc3+)} 31. Qd3 {[%emt 0:04:04]} (31. Qe1 {was the only chance.}) 31... Nc3+ {[%emt 0:01:12]} 32. Ka1 {[%emt 0:00:22]} Qxd3 {[%emt 0:00:22]} 33. cxd3 {[%emt 0:00:09][%mdl 4096] Endgame KN-KN} Ne2 {[%emt 0:00:20]} 34. g4 {[%emt 0:00:15]} Nc1 {[%emt 0:03:25]} 35. Nc4 {[%emt 0:02:17]} (35. Kb2 $142 Nxd3+ 36. Kc2) 35... Nxb3+ {[%emt 0:00:34] Black is clearly winning.} 36. Kb2 {[%emt 0:00:25]} Nd4 {[%emt 0:00:10]} 37. Nd2 {[%emt 0:04:11]} b5 {[%emt 0:01:44]} 38. Kc3 {[%emt 0:00:31]} c5 {[%emt 0:00:07]} 39. a4 {[%emt 0:01:28]} a6 {[%emt 0:00:45][%cal Ba7a6,Ba6b5][%mdl 32]} 40. axb5 {[%emt 0:00:53]} axb5 {[%emt 0:00:08] Weighted Error Value: White=0.55/Black=0.10 (very precise)} 0-1

[Event "German Bundesliga 2021-22"]
[Site "Germany"]
[Date "2022.04.09"]
[Round "3.9"]
[White "Mamedyarov, Shakhriyar"]
[Black "Santos Latasa, Jaime"]
[Result "1-0"]
[WhiteElo "2767"]
[BlackElo "2640"]
[Annotator "TA"]
[PlyCount "99"]
[EventDate "2022.03.05"]
[EventType "team-tourn"]
[EventCountry "GER"]
[SourceTitle "playchess.com"]
[Source "ChessBase"]
[SourceQuality "1"]
[TimeControl "40/5400+30:1800+30"]

{[%evp 13,99,2,20,22,16,15,5,0,0,0,0,0,24,15,0,8,26,26,26,26,53,0,0,0,0,0,0,0,0,0,0,-7,0,0,0,0,0,0,0,0,0,0,0,-1,0,0,29,0,33,-24,72,0,77,79,77,77,102,102,102,103,103,104,280,274,346,346,345,344,337,296,397,392,451,425,348,243,12840,12832,12836,12837,12836,12835,12840,12839,12839,12839,12838,2637]} 1. d4 {[%emt 0:00:00]} Nf6 {[%emt 0:00:00]} 2. c4 {[%emt 0:00:00]} e6 {[%emt 0:00:00]} 3. Nf3 {[%emt 0:00:00]} d5 {[%emt 0:00:00]} 4. Nc3 {[%emt 0:00:00]} Bb4 {[%emt 0:00:00]} 5. Qa4+ {[%emt 0:00:00]} Nc6 {[%emt 0:00:00]} 6. a3 {[%emt 0:00:00]} Bxc3+ {[%emt 0:00:00]} 7. bxc3 {[%emt 0:00:00]} Bd7 {[%emt 0:00:00][%cal Oc6d4]} 8. cxd5 $1 {[%emt 0:00:00] 8.cxd5 scores better than 8.Qc2. D38: Queen's Gambit Declined: Ragozin Defence (4 Nf3 Bb4).} exd5 {[%emt 0:00:00]} 9. Qc2 {[%emt 0:00:00]} O-O {[%emt 0:00:00]} 10. Bg5 {[%emt 0:00:00] The position is equal.} h6 {[%emt 0:00:00]} 11. Bh4 {[%emt 0:00:00]} Na5 {[%emt 0:00:00][%cal Bc6a5,Ba5b3,Bb3a1][%mdl 32]} 12. Ne5 {[%emt 0:00:00]} Be6 {[%emt 0:12:33][%cal Oc7c5]} (12... g5 $5 {[%cal Rg5h4]} 13. Bg3 c5 $11) 13. e3 {[%emt 0:04:48]} c5 {[%emt 0:00:55]} 14. Bd3 {[%emt 0:02:54]} c4 {[%emt 0:07:46] [#]} 15. Bh7+ $146 {[%emt 0:02:10]} ({Predecessor:} 15. Be2 Nb3 16. Ra2 g5 17. Bg3 Qc8 18. f3 Bf5 19. Qd1 Nd7 20. e4 Nxe5 21. exf5 {1-0 (35) Van Doorn,J (2261)-Achermann,J (2237) ICCF email 2011}) 15... Kh8 {[%emt 0:00:55] White must now prevent ...g5.} 16. Bf5 $1 {[%emt 0:00:02] aiming for Bxe6.} Nb3 {[%emt 0:12:31] Pair of Knights!} 17. Bxe6 {[%emt 0:18:38]} Nxa1 $11 {[%emt 0:01:00]} 18. Qd1 {[%emt 0:05:13]} fxe6 {[%emt 0:07:59]} 19. Ng6+ {[%emt 0:00:11]} Kg8 {[%emt 0:00:05]} 20. Nxf8 {[%emt 0:00:04]} Qxf8 {[%emt 0:01:03]} 21. Qxa1 {[%emt 0:00:19]} b5 {[%emt 0:01:41]} 22. O-O {[%emt 0:00:43]} a5 {[%emt 0:00:52]} 23. Qb2 {[%emt 0:08:27] Inhibits b4.} Rb8 {[%emt 0:01:10]} 24. Rb1 {[%emt 0:00:23]} Nd7 {[%emt 0:01:21][%cal Bf6d7,Bd7b8,Bb8c6][%mdl 32]} 25. Bg3 {[%emt 0:01:58][%cal Bh4g3,Bg3d6,Bd6c5][%mdl 32]} Rb7 {[%emt 0:00:25]} 26. f3 {[%emt 0:00:23]} Nb8 {[%emt 0:00:57]} 27. e4 {[%emt 0:07:01]} Nc6 {[%emt 0:04:31]} 28. Qe2 {[%emt 0:01:35] exd5 is the strong threat.} Qf7 {[%emt 0:07:04]} (28... Qxa3 $2 29. exd5 Nd8 30. dxe6 $18) 29. Bd6 {[%emt 0:02:19] Inhibits b4.} Kh7 {[%emt 0:01:49]} 30. Bc5 {[%emt 0:03:21]} Kg8 {[%emt 0:01:55]} 31. Qe1 {[%emt 0:07:40]} ({Better is} 31. Kf2 $14) 31... Qd7 {[%emt 0:12:49]} (31... e5 $11) 32. h4 {[%emt 0:04:31]} (32. exd5 $16 Qxd5 33. Qe4) 32... Kh8 {[%emt 0:15:05]} (32... e5 $1 $11) 33. exd5 $16 Qxd5 {[%emt 0:00:00]} 34. Qe4 $1 {[%emt 0:06:50]} Kg8 {[%emt 0:01:15]} 35. h5 {[%emt 0:06:58]} Rb8 {[%emt 0:01:56]} 36. g4 {[%emt 0:02:48]} Qd7 {[%emt 0:02:57]} 37. Kg2 {[%emt 0:01:51] &Bianco is more active.} Rb7 $2 {[%emt 0:00:51] Black cannot hold the game after this.} (37... Ne7 $16 {was called for.}) 38. Re1 $18 {[%emt 0:07:40]} b4 {[%emt 0:01:42]} 39. axb4 {[%emt 0:03:38]} (39. Qxe6+ Qxe6 40. Rxe6 bxc3 $15) 39... axb4 {[%emt 0:00:05]} 40. Qg6 {[%emt 0:00:45]} (40. Qxe6+ Qxe6 41. Rxe6 bxc3 $1 $17) 40... e5 {[%emt 0:02:58]} 41. cxb4 {[%emt 0:31:34]} ({And not} 41. dxe5 bxc3 42. Kg3 Qd2 43. Qe8+ (43. Ra1 Rb2 $11) 43... Kh7 $11) 41... c3 {[%emt 0:31:43]} 42. dxe5 {[%emt 0:00:00][%cal Bd4e5,Be5e6][%mdl 32]} Nxb4 {[%emt 0:00:00] Hoping for ...Nd3.} 43. Ra1 {[%emt 0:00:00] Intending Ra8+ and mate.} Nc6 {[%emt 0:00:00]} 44. Bd6 {[%emt 0:00:00] The board is on fire.} Ra7 {[%emt 0:00:00] Prevents Ra8+.} (44... Rb2+ 45. Kg3 Nd8) 45. Rxa7 {[%emt 0:00:00] White is clearly winning.} Nxa7 {[%emt 0:00:00] [#]} 46. e6 $1 {[%emt 0:00:00]} Qb5 {[%emt 0:00:00]} 47. Qf7+ {[%emt 0:00:00]} Kh7 {[%emt 0:00:00]} 48. Qxa7 {[%emt 0:00:00] Qe3 would kill now.} Qb2+ {[%emt 0:00:00]} 49. Qf2 {[%emt 0:00:00] White threatens e7 and mate.} c2 {[%emt 0:00:00]} 50. Bf4 {[%emt 0:00:00] Weighted Error Value: White=0.09 (flawless) /Black=0.26 (precise)} ({Weaker is} 50. e7 c1=Q 51. e8=Q Qxf2+ 52. Kxf2 Qd2+ 53. Qe2 Qxd6 54. Qe4+ Kg8 55. Qe8+ Kh7 $16) 1-0